| 000 | 00846nam a22002417a 4500 | ||
|---|---|---|---|
| 999 |
_c15228 _d15228 |
||
| 003 | MIRAKIL | ||
| 005 | 20230427163218.0 | ||
| 008 | 230427b tu ||||| |||| 00| 0 tur d | ||
| 020 | _a9789750511172 | ||
| 040 |
_aTR-AnCHP _cTR-AnCHP |
||
| 041 | _atur | ||
| 082 |
_a305.4 _bT96 2012 |
||
| 245 | 1 | 0 |
_aTürkiye'de refah devleti ve kadın / _cderleyen: Saniye Dedeoğlu, Adem Yavuz Elveren. |
| 260 |
_aİstanbul : _bİletişim yayınları, _c2012. |
||
| 300 |
_a364 s.: _c19 sm. |
||
| 490 | 0 |
_aİletişim yayınları ; _aAraştırma-incelem dizisi ; _v1816. _v306. |
|
| 504 | _aKaynakça bölüm sonlarındadır. | ||
| 650 | 0 |
_9569 _aKadınlar _xEkonomik şartlar _xTürkiye |
|
| 650 | 0 |
_9569 _aKadınlar _xSosyal şartlar _xTürkiye |
|
| 700 |
_97404 _aDedeoğlu, Saniye _eder. |
||
| 700 |
_97405 _aElveren, Adem Yavuz _eder. |
||
| 942 |
_2ddc _cBKS |
||